00354nam a2200145Ia 4500003000500000008004100005020001800046040001900064082000700083100002400090245003700114260003700151300000800188546001200196STCL181203s9999 xx 000 0 und d a9780071008150 aSTCLbENcSTCL 222 aMorrison, Donald F. 0aMultivariate Statistical Methods bMcGraw Hill EducationaNew Delhi a495 aEnglish